Statystyki dla Szybkie pisanie od A do Z

Kliknij tutaj aby rozwiązać quiz!

Ogólne statystyki

  • Ten quiz został rozwiązany 42,585 razy
  • Średni wynik to 21 z 26

Statystyki odpowiedzi

litera % Correct
A
98%
E
96%
D
94%
B
93%
C
92%
F
92%
G
91%
I
91%
H
90%
J
90%
K
89%
L
86%
O
85%
P
83%
R
83%
N
81%
M
81%
S
80%
T
79%
U
75%
W
75%
Y
65%
Z
65%
Q
58%
X
56%
V
46%

Rozkład punktacji

Percentyl według liczby udzielonych odpowiedzi

Procent ludzi z każdym wynikiem

Twoja historia wyników

Nie rozwiązałeś tego quizu